Networking in Promoting Women's Rights (Record no. 254)

MARC details
000 -LEADER
fixed length control field 00483nam a2200169Ia 4500
008 - FIXED-LENGTH DATA ELEMENTS--GENERAL INFORMATION
fixed length control field 240428s9999||||xx |||||||||||||| ||und||
020 ## - INTERNATIONAL STANDARD BOOK NUMBER
International Standard Book Number 9988572689
041 ## - LANGUAGE CODE
Language code of text/sound track or separate title eng
082 ## - DEWEY DECIMAL CLASSIFICATION NUMBER
Classification number 323.34N
100 ## - MAIN ENTRY--PERSONAL NAME
Personal name Adjetey, Fitnat (ed.) - Ametewee, Abla (ed.) - Poku, Lisa (ed.)
245 #0 - TITLE STATEMENT
Title Networking in Promoting Women's Rights
260 ## - PUBLICATION, DISTRIBUTION, ETC.
Name of publisher, distributor, etc. Friedrich Ebert Foudation
Place of publication, distribution, etc. Accra
300 ## - PHYSICAL DESCRIPTION
Extent x, 188p: tabs;
650 ## - SUBJECT ADDED ENTRY--TOPICAL TERM
Topical term or geographic name entry element Promoting Women's Rights - Networking
942 ## - ADDED ENTRY ELEMENTS (KOHA)
Koha item type Books
Holdings
Withdrawn status Lost status Damaged status Not for loan Home library Current library Shelving location Date acquired Total checkouts Full call number Date last seen Copy number Price effective from Koha item type
        Main Library Main Library Open Shelves 18/08/2021   323.34N 880 C1 29/04/2024 1 29/04/2024 Books
©2026  Parliament of Ghana Library - All rights reserved